Causality of natural resource endowment of authoritarian regimes of Africa and outward direct investments of China

Saved in:
Bibliographic Details
Main Author: Szikorová, Nóra
Format: Book Chapter
Language:English
Tags: Add Tag
No Tags, Be the first to tag this record!

MARC

LEADER 00000nla a2200000 4500
001 0165936
005 20240502083406.0
041 0 |a eng 
044 |a RU 
245 1 0 |a Causality of natural resource endowment of authoritarian regimes of Africa and outward direct investments of China  |c Nóra Szikorová 
100 1 |a Szikorová, Nóra